000 00557cam a2200217ua 4500
001 11153
005 20260515114718.0
008 190830n ii |||gr||||Z||||||eng
020 _a9789384275341
040 _cMAIN
041 _aeng
082 _a370.15
100 _aGhanshyam Gupta,
_eAuthor.
245 _aEducation Psychology
_cBy Ghanshyam Gupta and others
260 _aSilchar:
_bNE books and publishers.
300 _a206p.
653 _aEducation
700 _aArimardan Singh,
_eAuthor.
700 _aKusum Dwivedi,
_eAuthor.
942 _cBK
999 _c10006
_d10006